LEADER 01802nam 2200577 a 450 001 9910460279703321 005 20200520144314.0 010 $a1-282-63921-8 010 $a9786612639210 010 $a0-472-02694-1 024 7 $a10.3998/mpub.16804 035 $a(CKB)2670000000040633 035 $a(OCoLC)651657327 035 $a(CaPaEBR)ebrary10395632 035 $a(SSID)ssj0000417931 035 $a(PQKBManifestationID)11288464 035 $a(PQKBTitleCode)TC0000417931 035 $a(PQKBWorkID)10380242 035 $a(PQKB)10191666 035 $a(MiAaPQ)EBC3414892 035 $a(MdBmJHUP)muse9727 035 $a(MiU)10.3998/mpub.16804 035 $a(Au-PeEL)EBL3414892 035 $a(CaPaEBR)ebr10395632 035 $a(CaONFJC)MIL263921 035 $a(OCoLC)743201141 035 $a(EXLCZ)992670000000040633 100 $a20000308d2000 uy 0 101 0 $aeng 135 $aurcn||||||||| 181 $ctxt 182 $cc 183 $acr 200 10$aForeign policy and Congress$b[electronic resource] $ean international relations perspective /$fMarie T. Henehan 210 $aAnn Arbor $cUniversity of Michigan Press$dc2000 215 $a1 online resource (230 p.) 300 $aBibliographic Level Mode of Issuance: Monograph 311 $a0-472-11102-7 320 $aIncludes bibliographical references (p. 189-203) and indexes. 607 $aUnited States$xForeign relations$y20th century 608 $aElectronic books. 676 $a328.73/0746 700 $aHenehan$b Marie T$01000736 712 02$aMichigan Publishing (University of Michigan) 801 0$bMiAaPQ 801 1$bMiAaPQ 801 2$bMiAaPQ 906 $aBOOK 912 $a9910460279703321 996 $aForeign policy and Congress$92297139 997 $aUNINA LEADER 01686nam 2200433Ia 450 001 9910699235903321 005 20230902162040.0 035 $a(CKB)5470000002401549 035 $a(OCoLC)489501065 035 $a(EXLCZ)995470000002401549 100 $a20091217d2006 ua 0 101 0 $aeng 135 $aurcn||||||||| 181 $ctxt$2rdacontent 182 $cc$2rdamedia 183 $acr$2rdacarrier 200 10$aNet-centric capability and improved battlefield care$b[electronic resource] $eplacing the doctor in the battlefield /$fStephen Prior and Susan Prior 210 1$a[Washington, D.C.] :$cCenter for Technology and National Security Policy,$d[2006] 215 $a1 online resource (ii, 30 pages) $cillustrations 225 1 $aCase studies in national security transformation ;$vno. 3 300 $aTitle from title screen (viewed on Dec. 17, 2009). 300 $a"December 2006." 320 $aIncludes bibliographical references. 410 0$aCase studies in national security transformation ;$vno. 3. 517 $aNet-centric capability and improved battlefield care 606 $aMedicine, Military$zUnited States 606 $aSurgery, Military 607 $aUnited States$xArmed Forces$xMedical care 615 0$aMedicine, Military 615 0$aSurgery, Military. 700 $aPrior$b Stephen$01395875 701 $aPrior$b Susan$g(Susan E.)$01395876 712 02$aNational Defense University.$bCenter for Technology and National Security Policy. 801 0$bGPO 801 1$bGPO 906 $aBOOK 912 $a9910699235903321 996 $aNet-centric capability and improved battlefield care$93455067 997 $aUNINA